00814nam a22002297a 450000500170000001000130001702000230003003500130005303700160006604000120008208200160009424501090011026000480021927000560026730000300032350000500035365000730040365000450047670000300052170000160055170000170056720170124110107.0 aB-226510 c695.00a8130904314 aB-226510 bCen Lib/Ret aDPLbEN a954.11bKAS aKashmir :cedited by Waheguru Pal Singh Sidhu,Bushra Asif [and] Cyrus Samiibnew voices,new approaches / bViva Books Private LimitedaNew Delhic2007 a4737/23, Ansari Road, Darya Ganje110002bNew Delhi ax,292p. :c23cm(Hb)bill. aIncludes bibliographical references and index aJammu and Kashmir (India) -- Politics and government -- 21st century aInsurgency -- India -- Jammu and Kashmir aSidhu, Waheguru Pal Singh aBushra Asif aSamii, Cyrus